[Event "CZE-chT2a 0607"]
[Site "Czech Republic"]
[Date "2007.02.25"]
[Round "8.7"]
[White "Krizek, Martin"]
[Black "Otruba, Pavel"]
[Result "0-1"]
[WhiteElo "1879"]
[BlackElo "2004"]
[PlyCount "96"]
[EventDate "2006.10.15"]
[EventType "team"]
[EventRounds "11"]
[EventCountry "CZE"]
[SourceTitle "EXT 2009"]
[Source "ChessBase"]
[SourceDate "2008.11.26"]
[SourceVersion "1"]
[SourceVersionDate "2008.11.26"]
[SourceQuality "1"]
[WhiteTeam "Domazlice"]
[BlackTeam "Praha Praga"]
[WhiteTeamCountry "CZE"]
[BlackTeamCountry "CZE"]

1. e4 e6 2. d4 d5 3. exd5 exd5 4. Nf3 Bd6 5. Nc3 c6 6. Be3 Bg4 7. Bd3 Ne7 8. Qd2 Nd7 9. h3 Bh5 10. 0-0-0 Bb4 11. Rde1 0-0 12. g4 Bg6 13. h4 Qa5 14. h5 Bxc3 15. Qxc3 Qxc3 16. bxc3 Bxd3 17. cxd3 Rfe8 18. Bf4 f6 19. Re3 Kf7 20. Rhe1 g5 21. Bd6 Ng8 22. Kd2 Rxe3 23. Rxe3 Re8 24. Nh2 Re6 25. Bg3 Nh6 26. f4 c5 27. fxg5 fxg5 28. Be5 Ra6 29. Rf3+ Kg8 30. Ke3 Rxa2 31. Rf2 Rxf2 32. Kxf2 Nxe5 33. dxe5 a5 34. Ke2 b5 35. Kd2 Kf7 36. d4 cxd4 37. cxd4 Ke6 38. Kc3 Nf7 39. Nf3 h6 40. Kb3 Nd8 41. Kc3 Nc6 42. Kb3 a4+ 43. Ka3 Ke7 44. Kb2 b4 45. Ka2 Na5 46. Nxg5 b3+ 47. Kb1 hxg5 48. h6 Kf8 0-1

[Event "CZE-chT U18 0506"]
[Site "Czech Republic"]
[Date "2006.04.23"]
[Round "4.6"]
[White "Cutik, Jan"]
[Black "Krizek, Martin"]
[Result "0-1"]
[WhiteElo "1100"]
[BlackElo "1621"]
[PlyCount "74"]
[EventDate "2005.10.08"]
[EventType "team"]
[EventRounds "11"]
[EventCountry "CZE"]
[SourceTitle "EXT 2009"]
[Source "ChessBase"]
[SourceDate "2008.11.26"]
[SourceVersion "1"]
[SourceVersionDate "2008.11.26"]
[SourceQuality "1"]
[WhiteTeam "Lysa nad Labem"]
[BlackTeam "Klatovy"]
[WhiteTeamCountry "CZE"]
[BlackTeamCountry "CZE"]

1. e4 c5 2. Bc4 e6 3. Nf3 Ne7 4. a3 d5 5. Bb5+ Bd7 6. Bxd7+ Nxd7 7. d3 g6 8. 0-0 Bg7 9. Nc3 0-0 10. Qd2 Nb6 11. Qg5 Rc8 12. Qh4 c4 13. Bh6 cxd3 14. Bxg7 Kxg7 15. cxd3 dxe4 16. Qxe4 Ned5 17. Qe5+ Qf6 18. Nxd5 Qxe5 19. Nxe5 Nxd5 20. Rac1 Rfd8 21. f4 Rxc1 22. Rxc1 Nxf4 23. Rc7 Kf6 24. Nxf7 Rxd3 25. Rxb7 Rd2 26. Rxa7 Rxg2+ 27. Kf1 Rxb2 28. Nh8 Rxh2 29. Rf7+ Ke5 30. a4 Ra2 31. Ra7 h5 32. Nf7+ Kf6 33. Nd6 h4 34. a5 h3 35. Kg1 h2+ 36. Kh1 Nh5 37. Ne4+ Ke5 0-1

[Event "CZE Juniorcentrum op-B"]
[Site "Sec u Chrudimi"]
[Date "2005.10.26"]
[Round "6"]
[White "Truksa, Vaclav"]
[Black "Krizek, Martin"]
[Result "1-0"]
[WhiteElo "1785"]
[BlackElo "1621"]
[PlyCount "61"]
[EventDate "2005.10.22"]
[EventType "swiss"]
[EventRounds "9"]
[EventCountry "CZE"]
[SourceTitle "EXT 2008"]
[Source "ChessBase"]
[SourceDate "2007.11.25"]
[SourceVersion "1"]
[SourceVersionDate "2007.11.25"]
[SourceQuality "1"]

1. d4 d5 2. Nf3 e6 3. e3 Nf6 4. Bd3 c5 5. c3 Nc6 6. Nbd2 Bd6 7. 0-0 0-0 8. e4 dxe4 9. Nxe4 Nxe4 10. Bxe4 cxd4 11. cxd4 h6 12. Be3 Nb4 13. h3 Nd5 14. Rc1 Bd7 15. a3 Bc6 16. Bb1 Rc8 17. Qd3 Nf6 18. Nd2 Qd7 19. Rfe1 Bb5 20. Nc4 Rc7 21. b3 Bxa3 22. Rcd1 Qd5 23. Bf4 Rc6 24. Be5 Rfc8 25. Bxf6 gxf6 26. Qh7+ Kf8 27. Nxa3 Qxb3 28. Nxb5 Qxb5 29. Be4 Rc3 30. Qxh6+ Ke7 31. d5 1-0

[Event "Tabor op"]
[Site "Tabor"]
[Date "2005.08.06"]
[Round "9"]
[White "Krizek, Martin"]
[Black "Odehnalova, Andrea"]
[Result "1-0"]
[WhiteElo "1434"]
[BlackElo "1573"]
[PlyCount "47"]
[EventDate "2005.07.30"]
[EventType "swiss"]
[EventRounds "9"]
[EventCountry "CZE"]
[SourceTitle "EXT 2006"]
[Source "ChessBase"]
[SourceDate "2005.11.24"]
[SourceVersion "1"]
[SourceVersionDate "2005.11.24"]
[SourceQuality "1"]

1. e4 e5 2. Nf3 Nc6 3. Bb5 Bc5 4. c3 Nge7 5. 0-0 a6 6. Ba4 b5 7. Bb3 d6 8. h3 0-0 9. d4 exd4 10. cxd4 Bb6 11. Be3 Na5 12. Bc2 Nc4 13. b3 Nxe3 14. fxe3 Ng6 15. Nc3 c6 16. e5 f5 17. exf6 Rxf6 18. Ne4 Rf8 19. Nfg5 Rxf1+ 20. Qxf1 Qe7 21. Nxd6 Qxd6 22. Qf7+ Kh8 23. Qe8+ Nf8 24. Nf7+ 1-0

[Event "Tabor op"]
[Site "Tabor"]
[Date "2005.08.05"]
[Round "8"]
[White "Kuca, Tomas"]
[Black "Krizek, Martin"]
[Result "0-1"]
[WhiteElo "1361"]
[BlackElo "1434"]
[PlyCount "96"]
[EventDate "2005.07.30"]
[EventType "swiss"]
[EventRounds "9"]
[EventCountry "CZE"]
[SourceTitle "EXT 2006"]
[Source "ChessBase"]
[SourceDate "2005.11.24"]
[SourceVersion "1"]
[SourceVersionDate "2005.11.24"]
[SourceQuality "1"]

1. e4 e6 2. d4 d5 3. exd5 exd5 4. Bd3 Nc6 5. c3 Bd6 6. h3 Nge7 7. Ne2 0-0 8. Qc2 Ng6 9. 0-0 Qh4 10. Bf5 Bxf5 11. Qxf5 Rfe8 12. Qd3 Qe4 13. Qxe4 Rxe4 14. Be3 Rae8 15. Nd2 R4e6 16. a3 f5 17. c4 f4 18. cxd5 fxe3 19. dxe6 exd2 20. Rfd1 Rxe6 21. Rxd2 Re8 22. Kf1 Bf4 23. Rc2 Rxe2 24. Rxe2 Nxd4 25. Rd1 Nxe2 26. Kxe2 Bd6 27. g3 Kf7 28. Kf3 Ne5+ 29. Ke4 Ke6 30. Rc1 Nc6 31. f4 g6 32. g4 Ne7 33. Rf1 c6 34. f5+ gxf5+ 35. gxf5+ Kf6 36. Rd1 Be5 37. Rd7 Nxf5 38. Rxh7 Nd6+ 39. Kd3 Bxb2 40. a4 Ba3 41. Rh4 a5 42. Rg4 b6 43. Kc3 Bb4+ 44. Kb3 Kf5 45. Rd4 Ne4 46. Rxb4 axb4 47. Kxb4 c5+ 48. Kb5 Nd6+ 0-1

[Event "Tabor op"]
[Site "Tabor"]
[Date "2005.08.??"]
[Round "6"]
[White "Chloupek, Jaroslav"]
[Black "Krizek, Martin"]
[Result "1-0"]
[WhiteElo "1722"]
[BlackElo "1434"]
[PlyCount "35"]
[EventDate "2005.07.30"]
[EventType "swiss"]
[EventRounds "9"]
[EventCountry "CZE"]
[SourceTitle "EXT 2006"]
[Source "ChessBase"]
[SourceDate "2005.11.24"]
[SourceVersion "1"]
[SourceVersionDate "2005.11.24"]
[SourceQuality "1"]

1. c4 g6 2. Nc3 Bg7 3. Nf3 d6 4. g3 e5 5. d3 h6 6. Bd2 Nc6 7. Bg2 Be6 8. 0-0 Nge7 9. Qc1 Qd7 10. Rd1 0-0-0 11. h3 d5 12. cxd5 Nxd5 13. Rb1 Nb6 14. Ne4 Bf8 15. b4 f5 16. Nc5 Bxc5 17. bxc5 Na8 18. Qb2 1-0

[Event "Tabor op"]
[Site "Tabor"]
[Date "2005.08.??"]
[Round "4"]
[White "Kovar, Jiri"]
[Black "Krizek, Martin"]
[Result "0-1"]
[WhiteElo "1765"]
[BlackElo "1434"]
[PlyCount "96"]
[EventDate "2005.07.30"]
[EventType "swiss"]
[EventRounds "9"]
[EventCountry "CZE"]
[SourceTitle "EXT 2006"]
[Source "ChessBase"]
[SourceDate "2005.11.24"]
[SourceVersion "1"]
[SourceVersionDate "2005.11.24"]
[SourceQuality "1"]

1. e4 c5 2. Nf3 d6 3. d4 cxd4 4. Nxd4 Nf6 5. Nc3 g6 6. Be2 Bg7 7. 0-0 0-0 8. Be3 Nc6 9. Nxc6 bxc6 10. Qd2 Qa5 11. h3 Bd7 12. a3 Qc7 13. Bh6 Rfb8 14. Bxg7 Kxg7 15. Rab1 Rd8 16. Bf3 Rab8 17. Qf4 Be6 18. Rfd1 Nd7 19. Be2 Ne5 20. Qe3 Kg8 21. b3 Nd7 22. h4 Nb6 23. h5 d5 24. h6 Qd7 25. Qd4 f6 26. e5 Kf7 27. exf6 exf6 28. Rd3 Bf5 29. Rf3 Qd6 30. Bd3 c5 31. Qh4 Bxd3 32. cxd3 a6 33. b4 cxb4 34. axb4 Nd7 35. Qd4 Ne5 36. Re3 Nc6 37. Qg4 f5 38. Rf3 Ne5 39. Rxf5+ gxf5 40. Qg7+ Ke6 41. Re1 Rd7 42. Qg5 d4 43. f4 Kf7 44. Rxe5 Qg6 45. Rxf5+ Kg8 46. Ne4 Qxg5 47. Rxg5+ Kf7 48. Ng3 Rdb7 0-1